Państwo Katolickie czy Prawosławne? - klikanie - Statystyki

Ogólne statystyki
  • Ten quiz został rozwiązany 57 razy
  • Średni wynik to 32 z 36
Statystyki odpowiedzi
Hint Odpowiedź % Poprawnych
Polska Katolicyzm
100%
Hiszpania Katolicyzm
100%
Argentyna Katolicyzm
100%
Kolumbia Katolicyzm
100%
Watykan Katolicyzm
100%
Włochy Katolicyzm
100%
San Marino Katolicyzm
98%
Portugalia Katolicyzm
98%
Peru Katolicyzm
98%
Rosja Prawosławie
98%
Wenezuela Katolicyzm
96%
Andora Katolicyzm
96%
Filipiny Katolicyzm
96%
Monako Katolicyzm
96%
Ukraina Prawosławie
94%
Luksemburg Katolicyzm
93%
Gruzja Prawosławie
93%
Białoruś Prawosławie
93%
Gwinea Równikowa Katolicyzm
91%
Republika Zielonego Przylądka Katolicyzm
91%
Mołdawia Prawosławie
91%
Serbia Prawosławie
89%
Macedonia Północna Prawosławie
89%
Chorwacja Katolicyzm
87%
Słowenia Katolicyzm
87%
Czarnogóra Prawosławie
87%
Bułgaria Prawosławie
87%
Armenia Prawosławie
87%
Grecja Prawosławie
85%
Timor Wschodni Katolicyzm
81%
Bośnia i Hercegowina Prawosławie
81%
Rumunia Prawosławie
80%
Cypr Prawosławie
76%
Litwa Katolicyzm
74%
Etiopia Prawosławie
56%
Erytrea Prawosławie
52%
Nie znaleziono quizów pasujących do podanych kryteriów
Rozkład punktacji
Procent ludzi z każdym wynikiem
Percentyl według liczby udzielonych odpowiedzi
Twoja historia wyników
Nie rozwiązałeś tego quizu